Phương pháp vật lí và sinh lí phóng xạ dùng trong nông nghiệp sinh học và y học

Guardat en:
Dades bibliogràfiques
Autor principal: Lê văn Duyệt
Format: Llibre
Idioma:Undetermined
Publicat: Hà Nội KHKT 1982
Matèries:
Etiquetes: Afegir etiqueta
Sense etiquetes, Sigues el primer a etiquetar aquest registre!
Thư viện lưu trữ: Trung tâm Học liệu Trường Đại học Cần Thơ
LEADER 00598nam a2200181Ia 4500
001 CTU_7554
008 210402s9999 xx 000 0 und d
082 |a 616.0757 
082 |b D528p 
100 |a Lê văn Duyệt 
245 0 |a Phương pháp vật lí và sinh lí phóng xạ dùng trong nông nghiệp sinh học và y học 
245 0 |c Lê văn Duyệt 
260 |a Hà Nội 
260 |b KHKT 
260 |c 1982 
650 |a nuclear medicine,radiobiology 
904 |i Nguyễn Huỳnh Mai, 960822 
980 |a Trung tâm Học liệu Trường Đại học Cần Thơ